000 00561nam a2200217 a 4500
001 088567
003 BD-ChCU
008 Ben
020 _a
040 _aDLC
_cDLC
_dBD-ChCU
082 0 0 _a১৮৪/প্লে টো সি
100 1 _aপ্লেটো
_b-
245 1 0 _aসিম্পোজিয়াম
_b-
250 _a***
260 _aঢাকা
_bবাংলা একাডেমী
_c১৯৯১
300 _a**
504 _a- Biblio-
650 0 _aদর্শন
_bদর্শন
700 1 _a-
942 _2ddc
_cBK
999 _c88567
_d88567